000 00317nam a22001337a 4500
008 181217b xxu||||| |||| 00| 0 eng d
020 _a0809314363
041 _aeng
080 _a101
100 _a24
101 _aFIL
245 _aEssasy On Philosophy Education Orient 1921 1922
_cJohn.D
942 _2udc
_cBK
999 _c53157
_d53157